000 00998nam0a22002531 4500
001 rc\736392
005 20260406200938.0
035 _a(NLR Aleph) 006266361
090 _a6902482
_c6902482
100 _a20040301d1985 |||y0rusy50 ca
101 0 _arus
102 _aRU
105 _aa |||||||||
200 1 _aРентгеновская и электронная спектроскопия
_eТеория, методы и применение в пром-сти
_eСб. ст.
_fАН СССР, Ин-т физики твердого тела
_g[Отв. ред. В.Н. Доронин]
210 _aЧерноголовка
_cИФТТ
_d1985
215 _a114 с.
_cил.
_d26
320 _aБиблиогр. в конце ст.
702 1 _aДоронин
_bВ.Н.
_4340
712 0 2 _aИнститут физики твердого тела
_cМосква
_3RU\NLR\AUTH\889960532
_9417344
801 0 _aRU
_bNLR
_gpsbo
801 1 _aRU
_bELAR
_2rusmarc
852 _aNLR
_j85-7/849
942 _cBOOK
980 _aNB